000 00508nab a2200145Ia 4500
003 ES-SlBCS
005 20210601133733.0
008 140529s1998 xxu||||| |||| 00| 0 por d
041 _apor
100 1 _aMartins, Maria do Carmo Fernandes
_9208977
245 0 2 _aA avaliação da universidade: uma análise das publicações no Brasil
_c Maria do Carmo Fernandes Martins
650 0 4 _aUniversidad-Brasil
_9208978
773 0 _tEducaçao e Filosofia
_gvol. 12, nº. 24, 1998, págs. 11-47
_wRev1534
942 _cAR
999 _c601330
_d601330